000 00602nam a2200217Ia 4500
003 OSt
005 20221007081304.0
006 a|||||r|||| 00| 0
007 ta
008 221006b |||||||| |||| 00| 0 eng d
024 _a3,117
037 _cReference Collections
040 _aFLL
_cFLL
_beng
041 _2eng
_aeng
082 _a341.08, C20
100 _aGrotius Hugo Au.
_9696839
245 0 _aFreedom of the seas
260 _aNew York
_bOxford University Press USA
_c1916
942 _h341.08, C20
_cREF
_2CC
999 _c1162650
_d1162650